000 005460000a22002050004500
999 _c49010
_d49010
001 1856
003 CO-MdFUSB
005 20170922181713.0
008 170914b xxu||||| |||| 00| 0 eng d
020 _a0-7899-1278-3
040 _cCO-MdBIC
082 0 4 _a868HC N998j2
100 1 _aNystrom, Carolyn
245 1 0 _a¿Quién es Jesús? / Carolyn Nystrom ; ilustrado por Eira Reeves
260 _aMiami : Editorial Unilit
300 _a32 P.
500 _aTítulo original "Who is Jesus?"
650 1 4 _aHistorias de la Biblia
942 _cLGB